|
|
|
|
| LEADER |
01191nam a2200241 i 4500 |
| 003 |
GR-PaULI |
| 005 |
20250326125328.0 |
| 008 |
171013s1989 gr ||||g |||| 000 0 gre d |
| 020 |
|
|
|a 9602241829
|
| 040 |
|
|
|a GR-PaULI
|b gre
|c GR-PaULI
|e AACR2
|
| 041 |
1 |
|
|a gre
|h fre
|
| 082 |
0 |
4 |
|2 23
|a 843
|
| 100 |
1 |
|
|a Aragon,
|d 1897-1982
|e συγγραφέας
|9 168923
|
| 245 |
1 |
3 |
|a Οι κομμουνιστές :
|b Φλεβάρης-Σεπτέμβρης 1939 /
|c Λουί Αραγκόν ; μετάφραση: Τιτίκα Δημητρούλια, Δημήτρης Παπακωνσταντίνου.
|
| 260 |
|
|
|a Αθήνα :
|b Σύγχρονη Εποχή,
|c 1989.
|
| 300 |
|
|
|a 212 σ. ;
|c 21 εκ.
|
| 700 |
1 |
|
|a Δημητρούλια, Τιτίκα,
|d 1965-
|e μεταφραστής
|9 31142
|
| 700 |
1 |
|
|9 159846
|a Παπακωνσταντίνου, Δημήτρης.
|e μεταφραστής
|
| 765 |
0 |
8 |
|i Μετάφραση του:
|t Les communistes
|
| 942 |
|
|
|2 ddc
|c BK15
|
| 952 |
|
|
|0 0
|1 0
|2 ddc
|4 0
|6 843_000000000000000_ARA
|7 0
|9 216202
|a LISP
|b LISP
|c DON
|d 2017-10-13
|e ΒΑΛ
|i 127820
|l 0
|o 843 ARA
|p 025000244025
|r 2017-10-13 00:00:00
|t 1
|v 2017.00
|w 2017-10-13
|y BK15
|
| 998 |
|
|
|c ΒΑΣΙΛΕΙΟΥ
|d 2017-10
|
| 999 |
|
|
|c 131161
|d 131161
|